Kluby PLK 2023/24 - Statystyki

Ogólne statystyki
  • Ten quiz został rozwiązany 42 razy
  • Średni wynik to 11 z 16
Statystyki odpowiedzi
Miejsce w poprzednim sezonie Odpowiedź % Poprawnych
4 Legia Warszawa
89%
7 Anwil Włocławek
83%
8 Trefl Sopot
81%
1 Śląsk Wrocław
78%
2 King Szczecin
75%
10 Arka Gdynia
67%
Awans z I ligi Dziki Warszawa
67%
12 Sokół Łańcut
67%
9 Zastal Zielona Góra
67%
5 Spójnia Stargard
61%
15 Twarde Pierniki Toruń
61%
6 Czarni Słupsk
58%
14 GTK Gliwice
56%
11 MKS Dąbrowa Górnicza
56%
13 Start Lublin
56%
3 Stal Ostrów Wielkopolski
50%
Nie znaleziono quizów pasujących do podanych kryteriów
Rozkład punktacji
Procent ludzi z każdym wynikiem
Percentyl według liczby udzielonych odpowiedzi
Twoja historia wyników
Nie rozwiązałeś tego quizu